Ice in the Answers - Statistics

General Stats
  • This quiz has been taken 82,955 times
    39,700 since last reset
  • The average score is 12 of 20
Answer Stats
Clue Answer % Correct
Reykjavík is its capital Iceland
98%
Enemy of the Titanic Iceberg
97%
You scream, I scream, we all scream for ... Ice cream
95%
Time of the woolly mammoths Ice Age
93%
Gretzky's sport Ice hockey
81%
Viral 2014 "challenge" to raise money for ALS disease Ice bucket
78%
"Basic Instinct" murder weapon Ice pick
77%
Rapper who starred in "Friday" Ice Cube
67%
Predecessor to the refrigerator Ice box
65%
Polar ice covering Ice cap
63%
"Ice Ice Baby", he rapped Vanilla Ice
60%
Frozen carbon dioxide Dry ice
59%
Ship that cuts through sea ice Icebreaker
55%
Nancy Kerrigan's footwear Ice skates
54%
Building built by Elsa in "Frozen" Ice palace
47%
British term for popsicle Ice lolly
45%
Mountaineer's tool Ice axe
33%
Hawaiian snow cone Shave ice
30%
Term for the massive glaciers covering Greenland and Anarctica Ice sheet
27%
Floating off the coast of Antarctica, you'll find the Ross ___ _____ Ice Shelf
21%
No matching quizzes found
Score Distribution
Percent of People with Each Score
Percentile by Number Answered
Your Score History
You have not taken this quiz since the last reset